[Event "Mondiale Semilampo FIDE 2024"]
[Site "New York"]
[Date "26.12.2024"]
[Round "4.19"]
[White "Firouzja, Alireza"]
[Black "Volokitin, Andrei"]
[Result "1-0"]
[WhiteTitle "GM"]
[BlackTitle "GM"]
[WhiteElo "2763"]
[BlackElo "2649"]
[WhiteFideId "12573981"]
[BlackFideId "14107090"]
[EventDate "26.12.2024"]

1. e4 c5 2. Nf3 d6 3. d4 cxd4 4. Nxd4 Nf6 5. Nc3 a6 6. f3 e5 7. Nb3 Be7 8. Be3
O-O 9. g4 Be6 10. g5 Nh5 11. Rg1 Nf4 12. h4 h6 13. Bxf4 exf4 14. Nd4 Qb6 15. Qd2
Nc6 16. O-O-O Nxd4 17. Qxd4 Qxd4 18. Rxd4 hxg5 19. hxg5 d5 20. Nxd5 Bc5 21. Rh1
f5 22. g6 Rfd8 23. Rd2 Bxd5 24. Rxd5 Be3+ 25. Kb1 fxe4 26. Bc4 Kf8 1-0

[Event "Mondiale Semilampo FIDE 2024"]
[Site "New York"]
[Date "26.12.2024"]
[Round "4.21"]
[White "Abdusattorov, Nodirbek"]
[Black "Rakhmanov, Aleksandr"]
[Result "1-0"]
[WhiteTitle "GM"]
[BlackTitle "GM"]
[WhiteElo "2777"]
[BlackElo "2585"]
[WhiteFideId "14204118"]
[BlackFideId "4173708"]
[EventDate "26.12.2024"]

1. e4 c5 2. Nf3 Nf6 3. e5 Nd5 4. g3 Nc6 5. Bg2 g6 6. Nc3 Nc7 7. O-O Bg7 8. Re1
O-O 9. d3 Ne6 10. h4 b6 11. h5 Bb7 12. Ng5 Qb8 13. hxg6 hxg6 14. Nxe6 dxe6 15.
Bf4 Nd4 16. Bxb7 Qxb7 17. Ne4 Rfd8 18. c3 Nc6 19. Ng5 Rd5 20. Qf3 Qd7 21. Qh1
Rd8 22. Qh7+ Kf8 23. Nh3 f6 24. Bh6 Bxh6 25. Qxh6+ Kf7 26. Qh7+ Kf8 27. Nf4 1-0

[Event "Mondiale Semilampo FIDE 2024"]
[Site "New York"]
[Date "26.12.2024"]
[Round "4.23"]
[White "Praggnanandhaa, R"]
[Black "Vokhidov, Shamsiddin"]
[Result "1-0"]
[WhiteTitle "GM"]
[BlackTitle "GM"]
[WhiteElo "2737"]
[BlackElo "2681"]
[WhiteFideId "25059530"]
[BlackFideId "14204223"]
[EventDate "26.12.2024"]

1. d4 Nf6 2. c4 e6 3. Bf4 Bb4+ 4. Nd2 c5 5. dxc5 Nc6 6. Nf3 Bxc5 7. e3 h6 8. h3
O-O 9. Be2 b6 10. O-O Bb7 11. a3 d5 12. cxd5 Nxd5 13. Bg3 Bd6 14. Bxd6 Qxd6 15.
Qa4 Rfd8 16. Rfd1 a6 17. Rac1 b5 18. Qh4 Qe7 19. Ne4 Qxh4 20. Nxh4 Ne5 21. Nc5
Bc6 22. Nf3 Nxf3+ 23. Bxf3 Rdc8 24. Nb3 Ne7 25. Bxc6 Rxc6 26. Rxc6 Nxc6 27. Nc5
a5 28. Rd7 Rd8 29. Rc7 Ne5 30. Rb7 Rd1+ 31. Kh2 Rd2 32. Rxb5 Rxf2 33. Ne4 Rf5
34. Nd6 Rg5 35. a4 Nc6 36. Rb7 Rd5 37. Nxf7 Rd3 38. Rc7 Rxe3 39. Nxh6+ gxh6 40.
Rxc6 Kf7 41. Rc5 Re2 42. Rb5 Rc2 43. Kg3 Kg6 44. Kf3 h5 45. b3 Rc3+ 46. Kf4 h4
47. Kg4 Rg3+ 48. Kxh4 Rxg2 49. Rxa5 Kf6 50. Ra8 e5 51. a5 e4 52. a6 Ra2 53. a7
Kg7 54. Kg4 e3 55. Kf3 e2 1-0

[Event "Mondiale Semilampo FIDE 2024"]
[Site "New York"]
[Date "26.12.2024"]
[Round "4.24"]
[White "Onischuk, Alexander"]
[Black "Nogerbek, Kazybek"]
[Result "0-1"]
[WhiteTitle "GM"]
[BlackTitle "GM"]
[WhiteElo "2640"]
[BlackElo "2527"]
[WhiteFideId "14101025"]
[BlackFideId "13710427"]
[EventDate "26.12.2024"]

1. c4 e6 2. Nc3 d5 3. d4 Nf6 4. cxd5 exd5 5. Bg5 Be7 6. e3 h6 7. Bh4 Bg4 8. Be2
Bxe2 9. Ngxe2 c6 10. O-O O-O 11. Bxf6 Bxf6 12. b4 a6 13. a4 Nd7 14. b5 axb5 15.
axb5 Be7 16. Qb3 Bd6 17. Rfb1 Nf6 18. Rxa8 Qxa8 19. h3 g6 20. bxc6 bxc6 21. Qb7
Kg7 22. g4 h5 23. g5 Ng8 24. Qxa8 Rxa8 25. Kg2 Ne7 26. Ng3 Ra3 27. Rc1 Kf8 28.
Rc2 Ke8 29. Nce2 Kd7 30. h4 Ra1 31. Rb2 Kc7 32. f3 c5 33. dxc5 Bxc5 34. Rc2 Kd6
35. e4 Be3 36. f4 d4 37. Nf1 Rxf1 38. Kxf1 d3 39. Rb2 dxe2+ 40. Kxe2 Bxf4 41.
Kf3 Be5 42. Rb6+ Nc6 43. Rb7 Ke6 44. Rb6 Kd7 45. Ra6 Bc3 46. Rb6 Be1 47. Rb7+
Kc8 48. Rb2 Ne5+ 49. Ke3 Nc4+ 0-1

[Event "Mondiale Semilampo FIDE 2024"]
[Site "New York"]
[Date "26.12.2024"]
[Round "4.25"]
[White "Sarana, Alexey"]
[Black "Bjerre, Jonas Buhl"]
[Result "0-1"]
[WhiteTitle "GM"]
[BlackTitle "GM"]
[WhiteElo "2674"]
[BlackElo "2642"]
[WhiteFideId "24133795"]
[BlackFideId "1444948"]
[EventDate "26.12.2024"]

1. d4 Nf6 2. c4 e6 3. Nc3 Bb4 4. Nf3 d5 5. e3 O-O 6. Bd3 b6 7. O-O c5 8. cxd5
exd5 9. Bd2 Nc6 10. h3 c4 11. Bc2 Re8 12. b3 Ba6 13. Re1 Rc8 14. Ne2 Bxd2 15.
Qxd2 Ne4 16. Bxe4 dxe4 17. Nh2 Ne5 18. Nc3 Nd3 19. Red1 h5 20. f3 f5 21. fxe4
fxe4 22. Rf1 Qg5 23. Kh1 Bb7 24. Ne2 b5 25. bxc4 Rxc4 26. Nf4 Rec8 27. Qd1 Nxf4
28. Rxf4 Rc2 29. Qg1 Re2 30. h4 Qg6 31. Rf2 Rxe3 32. Rb2 Rg3 33. Nf1 Rg4 34. Nh2
Rxh4 35. Qf2 Qg5 36. Rf1 Kh8 37. Re2 e3 38. Qe1 Rxd4 39. Nf3 Bxf3 40. Rxf3 Rcd8
41. Kh2 Qe5+ 42. Kh3 Rd1 43. Rf8+ Kh7 44. Rxd8 Rxe1 45. Rxe1 Qf5+ 46. Kh2 Qf4+ 0-1

[Event "Mondiale Semilampo FIDE 2024"]
[Site "New York"]
[Date "26.12.2024"]
[Round "4.26"]
[White "Ivanchuk, Vasyl"]
[Black "Kobalia, Mikhail"]
[Result "1/2-1/2"]
[WhiteTitle "GM"]
[BlackTitle "GM"]
[WhiteElo "2630"]
[BlackElo "2543"]
[WhiteFideId "14100010"]
[BlackFideId "4119150"]
[EventDate "26.12.2024"]

1. e4 e5 2. Nf3 Nc6 3. Bb5 Nf6 4. d3 Bc5 5. c3 O-O 6. O-O d5 7. exd5 Qxd5 8. Bc4
Qd8 9. Nbd2 h6 10. b4 Bd6 11. Re1 Re8 12. a4 Be6 13. Qc2 a6 14. Bb2 Bxc4 15.
Nxc4 b5 16. Ne3 Qd7 17. h3 Rad8 18. Rad1 Bf8 19. Bc1 Re6 20. axb5 axb5 21. d4
exd4 22. Nxd4 Nxd4 23. Rxd4 Qe8 24. Rxd8 Qxd8 25. Rd1 Qe8 26. c4 Bxb4 27. cxb5
Qxb5 28. Qxc7 Re8 29. Bb2 Bd6 30. Qc2 Be5 31. Bc1 Bb8 32. Qc4 Qxc4 33. Nxc4 Rc8
34. Nb6 Re8 35. Kf1 Ba7 36. Nc4 Ne4 37. Be3 Bxe3 38. Nxe3 h5 39. Rd3 Ra8 40. Nc2
Ra2 41. Rd8+ Kh7 42. Rc8 Ra5 43. Ke2 Re5 44. Ne3 Nd6 45. Rc7 g6 46. g4 hxg4 47.
hxg4 Kg7 48. Kd3 Re6 49. f3 Nb5 50. Rc5 Rd6+ 51. Rd5 Kf6 52. Kc4 Rxd5 53. Nxd5+
Ke5 54. f4+ Ke4 55. Nf6+ Kxf4 56. Kxb5 Kg5 57. Ng8 Kxg4 58. Nh6+ Kf4 59. Nxf7 g5 1/2-1/2

[Event "Mondiale Semilampo FIDE 2024"]
[Site "New York"]
[Date "26.12.2024"]
[Round "4.27"]
[White "Tsaruk, Maksim"]
[Black "Bortnyk, Olexandr"]
[Result "1/2-1/2"]
[WhiteTitle "IM"]
[BlackTitle "GM"]
[WhiteElo "2424"]
[BlackElo "2603"]
[WhiteFideId "13511173"]
[BlackFideId "14120828"]
[EventDate "26.12.2024"]

1. e4 Nf6 2. e5 Nd5 3. d4 d6 4. Nf3 dxe5 5. Nxe5 c6 6. Bc4 Nd7 7. Nf3 N7f6 8. h3
Bf5 9. Nh4 Bg6 10. Be2 e6 11. Nxg6 hxg6 12. c4 Bb4+ 13. Bd2 Bxd2+ 14. Qxd2 Ne4
15. Qd3 Qa5+ 16. Kf1 Ndf6 17. Nc3 Nxc3 18. Qxc3 Qb6 19. Rd1 Rd8 20. g3 O-O 21.
Kg2 Rd7 22. h4 Qa6 23. h5 gxh5 24. Bxh5 b5 25. Bf3 bxc4 26. Rh4 Rb8 27. Rdh1 Kf8
28. Rh8+ Ng8 29. Qc2 f5 30. Qe2 Re7 31. Qe5 Rd8 32. Qc5 Rd7 33. Bxc6 Rc7 34. d5
Kf7 35. dxe6+ Kg6 36. Be8+ Rxe8 37. Qxc7 Qxe6 38. Rd1 Qe4+ 39. Kg1 Re7 40. Qf4
Qxf4 41. gxf4 Nf6 42. Rd2 Re4 43. f3 Rxf4 44. Kg2 Kg5 45. Kg3 c3 46. bxc3 Rc4
47. Rc2 Nd5 48. Ra8 Ne3 49. Re2 f4+ 50. Kf2 Rxc3 51. Rxa7 g6 52. Ra5+ Kh4 53.
Re5 Ra3 54. Re6 Kg5 55. R6xe3 1/2-1/2

[Event "Mondiale Semilampo FIDE 2024"]
[Site "New York"]
[Date "26.12.2024"]
[Round "4.28"]
[White "Lu, Shanglei"]
[Black "Svane, Frederik"]
[Result "1/2-1/2"]
[WhiteTitle "GM"]
[BlackTitle "GM"]
[WhiteElo "2609"]
[BlackElo "2668"]
[WhiteFideId "8603332"]
[BlackFideId "12923044"]
[EventDate "26.12.2024"]

1. e4 c5 2. Nf3 d6 3. d4 cxd4 4. Nxd4 Nf6 5. f3 Nc6 6. Nc3 e5 7. Nb3 Be7 8. Be3
O-O 9. Qd2 Be6 10. O-O-O a5 11. Bb5 Qc8 12. Kb1 Na7 13. Bxa7 Rxa7 14. g4 Ra8 15.
a4 Rd8 16. Qe2 Ne8 17. h4 Nc7 18. Bc4 Qd7 19. g5 Qc6 20. Bd5 Bxd5 21. exd5 Qd7
22. f4 exf4 23. Nd4 Re8 24. Qf3 Bf8 25. Qxf4 Re5 26. h5 Rae8 27. g6 fxg6 28.
hxg6 hxg6 29. Nf3 Rh5 30. Rhf1 Be7 31. Qg3 Bf6 32. Qxg6 Qf7 33. Qd3 Bxc3 34.
Qxc3 Nxd5 35. Qd4 Ne3 36. Ne5 Qe6 37. Qxe3 Rxe5 38. Qb6 Qd7 39. b3 Qc6 40. Qf2
Qd7 41. Rh1 R8e6 42. Rdg1 Qe7 43. Qh2 Re1+ 44. Ka2 Rxg1 45. Qh7+ Kf8 46. Rxg1
Qf6 47. Qh8+ Kf7 48. Qh5+ Kg8 49. Qxa5 Qf2 50. Rc1 Re2 51. Qd5+ Qf7 52. Qxd6 Re6
53. Qd3 g6 54. Rh1 Kg7 55. Qd8 Qe8 56. Qd4+ Rf6 57. Qh4 Qc6 58. Kb2 Rf3 59. Qh8+
Kf7 60. Rh7+ Ke6 61. Qg7 Kf5 62. a5 g5 63. Rh6 Qd5 64. Qg6+ Kf4 65. Qg7 Kg3 66.
Qc7+ Kg4 67. Qg7 Qxa5 68. Qd4+ Rf4 69. Qd7+ Qf5 70. Qxb7 Qe5+ 71. Ka2 Qa5+ 72.
Kb2 Qe5+ 73. Ka2 Qa5+ 74. Kb2 1/2-1/2

[Event "Mondiale Semilampo FIDE 2024"]
[Site "New York"]
[Date "26.12.2024"]
[Round "4.29"]
[White "Gelfand, Boris"]
[Black "Bilych, Oleksii"]
[Result "1/2-1/2"]
[WhiteTitle "GM"]
[BlackTitle "IM"]
[WhiteElo "2657"]
[BlackElo "2435"]
[WhiteFideId "2805677"]
[BlackFideId "14156504"]
[EventDate "26.12.2024"]

1. Nf3 d5 2. g3 Nf6 3. Bg2 c5 4. O-O e6 5. c4 d4 6. e3 Nc6 7. d3 Bd6 8. exd4
cxd4 9. Bg5 h6 10. Bxf6 Qxf6 11. Nfd2 Qe7 12. Ne4 Bc7 13. Na3 f5 14. Qh5+ Qf7
15. Qxf7+ Kxf7 16. Nb5 Bb8 17. Ned6+ Ke7 18. Nxc8+ Rxc8 19. Rfe1 Rd8 20. c5 Kf6
21. Re2 a5 22. Rae1 e5 23. Bxc6 bxc6 24. Nd6 Bxd6 25. cxd6 e4 26. dxe4 fxe4 27.
Rxe4 Rxd6 28. Kf1 Rb8 29. R1e2 c5 30. Rf4+ Kg6 31. Rd2 a4 32. Rc2 Rb5 33. Ke1
Rdb6 34. b3 axb3 35. axb3 d3 36. Rc3 Rxb3 37. Rxb3 Rxb3 38. Rc4 Rb1+ 39. Kd2
Rb2+ 40. Kxd3 Rxf2 41. Rxc5 Rxh2 42. Ke3 Ra2 43. Kf3 Ra4 44. Rc6+ Kh7 45. g4 Ra1
46. Kg3 Rf1 47. Ra6 Rf6 48. Ra3 Kg6 49. Ra5 Rb6 50. Ra3 Kf6 51. Rf3+ 1/2-1/2

[Event "Mondiale Semilampo FIDE 2024"]
[Site "New York"]
[Date "26.12.2024"]
[Round "4.30"]
[White "Grigoryan, Karen H."]
[Black "Can, Isik"]
[Result "1/2-1/2"]
[WhiteTitle "GM"]
[BlackTitle "IM"]
[WhiteElo "2618"]
[BlackElo "2499"]
[WhiteFideId "13301004"]
[BlackFideId "6383742"]
[EventDate "26.12.2024"]

1. Nf3 d5 2. g3 g6 3. Bg2 Bg7 4. O-O e5 5. d3 Nc6 6. e4 dxe4 7. dxe4 Qxd1 8.
Rxd1 Bg4 9. c3 h5 10. Re1 Bh6 11. Nbd2 O-O-O 12. h3 Be6 13. Bf1 Nge7 14. b4 f6
15. Nc4 Bxc1 16. Rexc1 g5 17. h4 Bg4 18. Kg2 Ng6 19. hxg5 Bxf3+ 20. Kxf3 fxg5
21. Ke3 g4 22. Be2 Nb8 23. Rh1 Nd7 24. Rh2 Nf6 25. Rah1 Rd7 26. f3 gxf3 27. Bxf3
Rhd8 28. Nb2 Nf8 29. Bxh5 Rg7 30. Bf3 Rxg3 31. Rh3 Rg7 32. Nc4 Ng6 33. Rg3 b5
34. Na5 Rd3+ 35. Kxd3 Nf4+ 36. Ke3 Rxg3 37. Kf2 Rh3 38. Rxh3 Nxh3+ 39. Ke3 Kd7
40. Be2 c6 41. c4 Nf4 42. cxb5 Nxe2 43. bxc6+ Kc7 44. Kxe2 Nxe4 45. Kd3 Nd6 46.
a4 a6 47. Kc3 Kb6 48. Kd3 Kc7 49. Ke3 Kb6 50. Kd3 1/2-1/2

[Event "Mondiale Semilampo FIDE 2024"]
[Site "New York"]
[Date "26.12.2024"]
[Round "4.31"]
[White "Niemann, Hans Moke"]
[Black "Ansat, Aldiyar"]
[Result "1-0"]
[WhiteTitle "GM"]
[BlackTitle "IM"]
[WhiteElo "2734"]
[BlackElo "2479"]
[WhiteFideId "2093596"]
[BlackFideId "13715658"]
[EventDate "26.12.2024"]

1. e4 c5 2. Nf3 Nc6 3. Bb5 e6 4. O-O Nge7 5. Re1 Nd4 6. Nxd4 cxd4 7. c3 a6 8.
Bf1 Nc6 9. b4 Bd6 10. Na3 O-O 11. Nc2 dxc3 12. dxc3 Be5 13. Bb2 d5 14. exd5 exd5
15. Qd2 Qf6 16. g3 Be6 17. Bg2 Rad8 18. f4 Bb8 19. Kh1 h5 20. h4 Ba7 21. Kh2 Bf5
22. Ne3 Be4 23. Bxe4 dxe4 24. Nd5 Qf5 25. c4 e3 26. Qg2 b5 27. Nxe3 Bxe3 28.
Rxe3 bxc4 29. Bc3 Rd6 30. Rae1 f6 31. Qe4 Qb5 32. a4 Qxa4 33. Qxc4+ Kh7 34. Qc5
Rd7 35. Qxh5+ Kg8 36. Re8 Rd8 37. Bxf6 gxf6 38. Qg6+ Kh8 39. R8e7 Nxe7 40. Rxe7
Rd2+ 41. Kh3 Qd7+ 42. Rxd7 Rxd7 43. Qh5+ Kg8 44. Qg4+ Rg7 45. Qe6+ Kh8 46. Qxa6
Rfg8 47. Qxf6 Kh7 48. Qf5+ Kh8 49. Qh5+ Rh7 50. Qe5+ Rhg7 1-0

[Event "Mondiale Semilampo FIDE 2024"]
[Site "New York"]
[Date "26.12.2024"]
[Round "4.32"]
[White "Bluebaum, Matthias"]
[Black "Amartuvshin, Ganzorig"]
[Result "1/2-1/2"]
[WhiteTitle "GM"]
[BlackTitle "IM"]
[WhiteElo "2650"]
[BlackElo "2392"]
[WhiteFideId "24651516"]
[BlackFideId "4902548"]
[EventDate "26.12.2024"]

1. d4 Nf6 2. c4 e6 3. Nc3 Bb4 4. e3 O-O 5. Bd2 d5 6. Nf3 b6 7. cxd5 exd5 8. Rc1
Re8 9. Ne5 Bd6 10. f4 c5 11. Bd3 Bb7 12. O-O Nc6 13. Nxd5 Bxe5 14. fxe5 Nxe5 15.
Nxf6+ gxf6 16. Bxh7+ Kxh7 17. dxe5 Rxe5 18. Bc3 Rg5 19. Qc2+ f5 20. Rf2 Be4 21.
Qe2 Qc7 22. g3 Rag8 23. Rf4 Rg4 24. Qf1 R8g6 25. Rd1 Rxf4 26. Qxf4 Qxf4 27. exf4
Bc6 28. Rd8 Rg8 29. Rd6 Rg6 30. Bf6 Be4 31. Kf2 b5 32. Ke3 a5 33. Be5 Rxd6 34.
Bxd6 Bd5 35. a3 a4 36. Bxc5 Kg6 37. Kd4 Bc4 38. Ke5 Bd3 39. Bd4 Be2 40. Kd6 Bd3
41. Kc5 Be2 42. Bc3 Bd3 43. h3 Be2 44. Bd4 Bf1 45. Kc6 Be2 46. Kc5 Bf1 47. g4
fxg4 48. hxg4 f5 49. g5 Be2 50. Be5 Bf1 51. Kb4 Be2 52. Bd4 Bf1 53. Bc3 Be2 54.
Bd2 Bf1 55. Be3 Be2 56. Kc3 Bf1 57. Kd2 Bc4 58. Bd4 Bb3 59. Kc3 Bc4 60. Be5 Bf1
61. Kd4 Be2 62. Kc5 Bf1 63. Kb4 Be2 64. b3 axb3 65. Kxb3 Bf1 66. Kc3 Be2 67. Kd2
Bc4 68. Bd6 Bf1 69. Kc3 Be2 70. Bc5 Bf1 71. Be3 Kf7 72. Kd4 Kg6 73. Kc5 Be2 74.
Kb4 Bf1 75. Bf2 Be2 76. a4 bxa4 77. Kxa4 Bd1+ 78. Kb4 1/2-1/2

[Event "Mondiale Semilampo FIDE 2024"]
[Site "New York"]
[Date "26.12.2024"]
[Round "4.33"]
[White "Mamedov, Edgar"]
[Black "Akobian, Varuzhan"]
[Result "1/2-1/2"]
[WhiteTitle "IM"]
[BlackTitle "GM"]
[WhiteElo "2441"]
[BlackElo "2564"]
[WhiteFideId "13739980"]
[BlackFideId "13300580"]
[EventDate "26.12.2024"]

1. d4 e6 2. c4 f5 3. g3 Nf6 4. Bg2 d5 5. Nf3 c6 6. O-O Bd6 7. b3 Qe7 8. Bb2 O-O
9. Qc1 Bd7 10. Ba3 Be8 11. Bxd6 Qxd6 12. Qa3 Qxa3 13. Nxa3 Bh5 14. Rfc1 Nbd7 15.
b4 a6 16. e3 Bxf3 17. Bxf3 b5 18. cxd5 cxd5 19. Rc6 Rfc8 20. Rac1 Nb6 21. R1c5
Rxc6 22. Rxc6 Nfd7 23. g4 g6 24. gxf5 gxf5 25. Rxe6 Rc8 26. Rd6 Kf7 27. Bxd5+
Nxd5 28. Rxd7+ Ke6 29. Ra7 Nxb4 30. Kg2 h5 31. Nb1 Rc6 32. a3 Nd3 33. Nd2 Rc2
34. Rxa6+ Kd5 35. Nf3 Nxf2 36. Kg3 Ng4 37. Rb6 Nxe3 38. Rxb5+ Kd6 39. Re5 Nf1+
40. Kf4 Nxh2 41. Nxh2 Rxh2 42. Rxf5 Rf2+ 43. Kg5 Rxf5+ 44. Kxf5 Kd5 45. Kg5 Kxd4
46. Kxh5 Kc4 47. a4 Kb4 48. a5 Kxa5 1/2-1/2

[Event "Mondiale Semilampo FIDE 2024"]
[Site "New York"]
[Date "26.12.2024"]
[Round "4.34"]
[White "Petrosian, Tigran L."]
[Black "Bai, Adelard"]
[Result "1-0"]
[WhiteTitle "GM"]
[BlackTitle "IM"]
[WhiteElo "2551"]
[BlackElo "2393"]
[WhiteFideId "13301616"]
[BlackFideId "16301188"]
[EventDate "26.12.2024"]

1. Nf3 Nf6 2. g3 d5 3. Bg2 c6 4. c4 Bg4 5. Ne5 Bf5 6. Qb3 Qb6 7. cxd5 Qxb3 8.
axb3 Nxd5 9. d3 Nb4 10. Ra4 e6 11. Bd2 a5 12. Nc4 b5 13. Rxa5 Rxa5 14. Nxa5 Kd7
15. O-O Be7 16. Rc1 Rc8 17. Nc3 N8a6 18. Ne4 Bxe4 19. dxe4 Kc7 20. Be3 e5 21. f4
f6 22. Bh3 Ra8 23. fxe5 fxe5 24. Kg2 Nb8 25. Rf1 Bf6 26. Bd2 N8a6 27. g4 Kb6 28.
Be3+ c5 29. g5 Bd8 30. Rf7 Ra7 31. Rf8 Bc7 32. Rh8 Kxa5 33. Rxh7 Bd6 34. Bf5 Nc2
35. Bd2+ Nab4 36. h4 Nd4 37. h5 Nxb3 38. Bc3 Nc1 39. h6 Bf8 40. Bxe5 Rf7 41.
Rxg7 Bxg7 42. Bxg7 Nxe2 43. Kf3 Nd4+ 44. Bxd4 cxd4 45. g6 Rc7 46. g7 d3 47. g8=Q
d2 48. Qd8 Nd3 49. Qxc7+ Kb4 50. Qc3+ 1-0

[Event "Mondiale Semilampo FIDE 2024"]
[Site "New York"]
[Date "26.12.2024"]
[Round "4.35"]
[White "Fressinet, Laurent"]
[Black "Hardaway, Brewington"]
[Result "1/2-1/2"]
[WhiteTitle "GM"]
[BlackTitle "IM"]
[WhiteElo "2588"]
[BlackElo "2499"]
[WhiteFideId "608742"]
[BlackFideId "30941849"]
[EventDate "26.12.2024"]

1. Nf3 d5 2. e3 Nf6 3. c4 c6 4. Nc3 e6 5. b3 Bd6 6. d4 O-O 7. Bb2 Nbd7 8. Be2 b6
9. O-O Bb7 10. a4 Rc8 11. a5 bxa5 12. c5 Bc7 13. Na4 Re8 14. Ne5 Nxe5 15. dxe5
Nd7 16. f4 f6 17. exf6 Nxf6 18. Be5 Bxe5 19. fxe5 Nd7 20. Qd4 Qc7 21. Nb2 Nxe5
22. Qc3 Rf8 23. Qxa5 Rxf1+ 24. Bxf1 Qxa5 25. Rxa5 Ra8 26. b4 Kf7 27. Be2 Ke7 28.
Kf2 Kd7 29. Ke1 Kc7 30. Na4 Nd7 31. Bg4 Nf6 32. Be2 e5 33. Nb2 d4 34. exd4 exd4
35. Bf3 g5 36. g3 Re8+ 37. Kd2 Re3 38. Bg2 Ng4 39. Rxa7 Kb8 40. Ra1 Nxh2 41. Rh1
Nf3+ 42. Bxf3 Rxf3 43. Rxh7 Rf2+ 44. Kc1 Ba6 45. Rd7 Rf1+ 46. Kd2 Rf2+ 47. Kc1
Rf1+ 1/2-1/2

[Event "Mondiale Semilampo FIDE 2024"]
[Site "New York"]
[Date "26.12.2024"]
[Round "4.36"]
[White "Escobar Forero, Alder"]
[Black "Antipov, Mikhail Al."]
[Result "0-1"]
[WhiteTitle "GM"]
[BlackTitle "GM"]
[WhiteElo "2420"]
[BlackElo "2594"]
[WhiteFideId "4400801"]
[BlackFideId "4107012"]
[EventDate "26.12.2024"]

1. e4 c5 2. Nf3 Nc6 3. d4 cxd4 4. Nxd4 g6 5. Nc3 Bg7 6. Be3 Nf6 7. Bc4 O-O 8.
Bb3 d6 9. f3 Bd7 10. Qd2 Nxd4 11. Bxd4 b5 12. O-O a5 13. a3 a4 14. Ba2 Qa5 15.
Rad1 b4 16. Nd5 Nxd5 17. Bxd5 Rab8 18. Bxg7 Kxg7 19. f4 Qc5+ 20. Qd4+ Qxd4+ 21.
Rxd4 bxa3 22. bxa3 Rfc8 23. e5 dxe5 24. fxe5 Be8 25. Rc4 e6 26. Rxc8 Rxc8 27.
Be4 Rc5 28. Bd3 Rxe5 29. Kf2 f5 30. Rb1 Kf6 31. Rb8 Bd7 32. Rb7 Ke7 33. Ra7 Rc5
34. Ke3 e5 35. c4 Kd6 36. Ra6+ Bc6 37. Ra7 f4+ 38. Kd2 e4 39. Bf1 e3+ 40. Kd3
Rh5 41. Kd4 Bxg2 42. Bxg2 e2 43. Ra6+ Ke7 44. Ra7+ Kf6 0-1

[Event "Mondiale Semilampo FIDE 2024"]
[Site "New York"]
[Date "26.12.2024"]
[Round "4.37"]
[White "Chasin, Nico"]
[Black "Pichot, Alan"]
[Result "1/2-1/2"]
[WhiteTitle "IM"]
[BlackTitle "GM"]
[WhiteElo "2417"]
[BlackElo "2637"]
[WhiteFideId "30908477"]
[BlackFideId "110973"]
[EventDate "26.12.2024"]

1. d4 Nf6 2. c4 e6 3. Nf3 d5 4. Nc3 dxc4 5. e4 b5 6. e5 Nd5 7. Nxb5 Nb6 8. Be2
Nc6 9. O-O Bb7 10. Qd2 Qd7 11. Qf4 Ne7 12. Nc3 Nf5 13. Rd1 Bb4 14. Ne4 Rd8 15.
Bd2 Nd5 16. Qg5 h6 17. Qh5 Bxd2 18. Rxd2 Nf4 19. Qg4 Bxe4 20. Qxf4 Bd5 21. Rc1
O-O 22. Ne1 Qa4 23. a3 Qa5 24. Rdd1 Rb8 25. Qd2 Qa4 26. Qc2 Qxc2 27. Rxc2 c3 28.
Rxc3 Rxb2 29. Bg4 Bb3 30. Rdd3 Rb1 31. f3 Ba4 32. Bxf5 exf5 33. Kf2 Rb2+ 34. Kg3
Re2 35. Re3 Rxe3 36. Rxe3 Rd8 37. Rd3 1/2-1/2

[Event "Mondiale Semilampo FIDE 2024"]
[Site "New York"]
[Date "26.12.2024"]
[Round "4.38"]
[White "Donchenko, Alexander"]
[Black "Smirnov, Mark"]
[Result "1-0"]
[WhiteTitle "GM"]
[BlackTitle "FM"]
[WhiteElo "2618"]
[BlackElo "2336"]
[WhiteFideId "24603295"]
[BlackFideId "13764594"]
[EventDate "26.12.2024"]

1. Nf3 Nf6 2. c4 e6 3. Nc3 d5 4. e3 c5 5. d4 dxc4 6. Bxc4 a6 7. O-O b5 8. Be2
Bb7 9. dxc5 Qxd1 10. Rxd1 Bxc5 11. Nd2 Ke7 12. Nb3 Bb6 13. a4 b4 14. a5 Ba7 15.
Na4 Bd5 16. Nbc5 Bxc5 17. Nxc5 Rc8 18. Bd2 b3 19. Rac1 Nfd7 20. e4 Nxc5 21. exd5
Nbd7 22. dxe6 fxe6 23. Bb4 Ra7 24. Rxd7+ Kxd7 25. Bxc5 Rac7 26. Bxa6 Rb8 27. g3
Ke8 28. Be3 Rxc1+ 29. Bxc1 Rd8 30. Bb5+ Kf7 31. Be3 Rd5 32. Be2 Rxa5 33. Bd4 Ra8
34. Kf1 Ra1+ 35. Kg2 Ra5 36. Bc3 Rc5 37. Kf3 e5 38. Ke4 Ke6 39. Bg4+ Kf6 40. Bd1
Rb5 41. f4 Ke6 42. fxe5 1-0

[Event "Mondiale Semilampo FIDE 2024"]
[Site "New York"]
[Date "26.12.2024"]
[Round "4.39"]
[White "So, Wesley"]
[Black "Chirila, Ioan-Cristian"]
[Result "1/2-1/2"]
[WhiteTitle "GM"]
[BlackTitle "GM"]
[WhiteElo "2747"]
[BlackElo "2530"]
[WhiteFideId "5202213"]
[BlackFideId "1211668"]
[EventDate "26.12.2024"]

1. c4 Nf6 2. Nc3 d5 3. cxd5 Nxd5 4. Nf3 c5 5. e4 Nxc3 6. dxc3 Qxd1+ 7. Kxd1 Nc6
8. Be3 e6 9. a4 Bd7 10. a5 a6 11. Be2 O-O-O 12. Kc2 f6 13. Nd2 Ne5 14. Nb3 c4
15. Nd2 Bb5 16. Rhd1 g5 17. g3 Bd6 18. f4 gxf4 19. gxf4 Nd3 20. Nxc4 Bxc4 21.
Bxd3 Bxd3+ 22. Rxd3 Rhg8 23. Rad1 Bc7 24. Rxd8+ Bxd8 25. b4 Bc7 26. Rd2 Rg4 27.
Rf2 Kd7 28. Kd3 h5 29. f5 h4 30. Bd4 exf5 31. exf5 h3 32. Rf3 Rf4 33. Ke3 Rxf3+
34. Kxf3 Ke7 35. Kg4 Bxh2 36. Kxh3 Bf4 37. Kg4 Bg5 38. Kf3 Kd6 39. Ke4 Kc6 40.
Bc5 Bd2 41. Kd3 Bf4 42. c4 Bg5 43. Be3 Bh4 44. Bd4 Bg5 45. Bc3 Bh4 46. Ke4 Bg5
47. Kf3 Kd6 48. Kg4 Ke7 49. b5 Kd6 50. Bd4 Bd2 51. Bxf6 Bxa5 52. Kh5 Be1 53. Kg6
axb5 54. cxb5 Kc5 55. Bd8 Bc3 56. b6 Kc6 57. f6 Bxf6 58. Kxf6 Kd7 59. Bc7 Kc8
60. Ke5 Kd7 61. Kd5 Kc8 1/2-1/2

[Event "Mondiale Semilampo FIDE 2024"]
[Site "New York"]
[Date "26.12.2024"]
[Round "4.40"]
[White "Oparin, Grigoriy"]
[Black "Pranav, V"]
[Result "0-1"]
[WhiteTitle "GM"]
[BlackTitle "GM"]
[WhiteElo "2653"]
[BlackElo "2621"]
[WhiteFideId "24125890"]
[BlackFideId "25060783"]
[EventDate "26.12.2024"]

1. e4 e5 2. Nf3 Nc6 3. Bc4 Nf6 4. d3 Be7 5. O-O O-O 6. Re1 d6 7. a4 Be6 8. Nc3
Bxc4 9. dxc4 a5 10. Nd5 Nd7 11. Be3 Ncb8 12. c3 Na6 13. b4 Re8 14. Bd2 Bf8 15.
Qb3 c6 16. Ne3 Nc7 17. Rad1 Ne6 18. Nf5 axb4 19. cxb4 c5 20. a5 cxb4 21. Bxb4
Ndc5 22. Qb1 Qc7 23. Ne3 Qc6 24. Nd5 Nd7 25. Rc1 Reb8 26. Nh4 g6 27. Qd3 b6 28.
axb6 Nxb6 29. Bd2 Nxd5 30. cxd5 Nc5 31. Qe3 Qa6 32. Rc3 Rb2 33. Nf3 Qb5 34. Ra3
Ra2 35. Rxa8 Ra3 36. Ra7 Rxa7 37. h4 Ra4 38. Ng5 h6 39. Nxf7 Kxf7 40. Qf3+ Kg8
41. h5 Qe8 42. Qg4 g5 43. f3 Qd7 44. Qg3 Ra2 45. Be3 Nd3 46. Rb1 Nf4 47. Bxf4
exf4 48. Qe1 g4 49. Qd1 Qa7+ 50. Kh1 Qf2 0-1